000 00705 a2200229 4500
003 Nust
005 20170207153310.0
010 _a 99042977
020 _a9971513056
035 _a(DLC) 99042977
040 _cNust
082 0 0 _a621.382
100 1 _aHaykin, Simon S.,
245 1 0 _aCommunication systems /
_cSimon Haykin.
250 _a4th ed.
260 _aNew York :
_bWiley,
_cc2001.
300 _axviii, 816 p. :
_bill. ;
_c26 cm.
650 0 _aSignal theory (Telecommunication)
650 0 _aTelecommunication.
856 4 2 _3Publisher description
_uhttp://www.loc.gov/catdir/description/wiley032/99042977.html
856 4 2 _3Table of Contents
_uhttp://www.loc.gov/catdir/toc/onix02/99042977.html
942 _2ddc
_cBK
999 _c183625
_d183625